Welcome to CU Library Online Public Access Catalogue (OPAC)

Oxford handbook of anaesthesia / (Record no. 4038)

MARC details
000 -LEADER
fixed length control field 00972cam a22002777a 4500
001 - CONTROL NUMBER
control field 14620611
005 - DATE AND TIME OF LATEST TRANSACTION
control field 20250221125101.0
008 - FIXED-LENGTH DATA ELEMENTS--GENERAL INFORMATION
fixed length control field 061102s2006 enka bf 001 0 eng d
020 ## - INTERNATIONAL STANDARD BOOK NUMBER
International Standard Book Number 9780198566090
050 00 - LIBRARY OF CONGRESS CALL NUMBER
Classification number RD82.2
Item number .O96 2006
082 04 - DEWEY DECIMAL CLASSIFICATION NUMBER
Classification number 617.96
Edition information 22
245 00 - TITLE STATEMENT
Title Oxford handbook of anaesthesia /
Statement of responsibility, etc. edited by Keith G. Allman and Iain H. Wilson.
250 ## - EDITION STATEMENT
Edition statement 2nd ed.
260 ## - PUBLICATION, DISTRIBUTION, ETC.
Place of publication, distribution, etc. Oxford ;
-- New York :
Name of publisher, distributor, etc. Oxford University Press,
Date of publication, distribution, etc. 2006.
300 ## - PHYSICAL DESCRIPTION
Extent xxiv, 1203 p. :
Other physical details ill. ;
Dimensions 19 cm.
440 #0 - SERIES STATEMENT/ADDED ENTRY--TITLE
Title Oxford handbooks
440 #0 - SERIES STATEMENT/ADDED ENTRY--TITLE
Title Oxford medical publications
650 #0 - SUBJECT ADDED ENTRY--TOPICAL TERM
Topical term or geographic name entry element Anesthesia
Form subdivision Handbooks, manuals, etc.
650 12 - SUBJECT ADDED ENTRY--TOPICAL TERM
Topical term or geographic name entry element Anesthesia
General subdivision methods
Form subdivision Handbooks.
650 22 - SUBJECT ADDED ENTRY--TOPICAL TERM
Topical term or geographic name entry element Anesthetics
Form subdivision Handbooks.
650 22 - SUBJECT ADDED ENTRY--TOPICAL TERM
Topical term or geographic name entry element Surgical Procedures, Operative
Form subdivision Handbooks.
700 1# - ADDED ENTRY--PERSONAL NAME
Personal name Allman, Keith G.
700 1# - ADDED ENTRY--PERSONAL NAME
Personal name Wilson, Iain H.
Titles and other words associated with a name Dr.
856 41 - ELECTRONIC LOCATION AND ACCESS
Materials specified Table of contents only
Uniform Resource Identifier <a href="http://www.loc.gov/catdir/enhancements/fy0627/2006285453-t.html">http://www.loc.gov/catdir/enhancements/fy0627/2006285453-t.html</a>
942 ## - ADDED ENTRY ELEMENTS (KOHA)
Source of classification or shelving scheme Library of Congress Classification
Koha item type Books
Edition 2nd ed.
Suppress in OPAC No
999 ## -
-- 4038
-- 4038
Holdings
Withdrawn status Lost status Source of classification or shelving scheme Damaged status Not for loan Collection Home library Current library Shelving location Date acquired Total checkouts Full call number Barcode Date last seen Copy number Price effective from Koha item type
    Library of Congress Classification     Non-fiction Science Library (Miotso) Science Library (Miotso) General stacks 02/21/2025   RD82.2 .O96 OXF SLM00003492 02/21/2025 1 02/21/2025 Books
    Library of Congress Classification     Non-fiction Science Library (Miotso) Science Library (Miotso) Reference 12/09/2025   RD82.2 .O96 OXF SLM00006545 12/09/2025 2 12/09/2025 Books
© 2023-2024 Copyright: Central University Libraries. All Rights Reserved | Created by: Mahone Tech Office